000 00801nam a2200277Ia 4500
003 OSt
005 20221006153445.0
006 a|||||r|||| 00| 0
007 ta
008 221006b |||||||| |||| 00| 0 chi d
020 _a9570111062
024 _a32,383
037 _bGift, Republic of China
_cTextual
040 _aEASL
_cEASL
_bchi
041 _2chi
_achi
082 _aNQ4295, P2
100 _aChen Cheng-Po Au.
_9664061
245 0 _aImpressions of beauty
_b Contemporary painters of Taiwan
250 _a1st ed.
260 _aTaiwan
_bCouncil for Cultural Affairs
_c2002
300 _a170p.
_ccm.
490 _v KEL
650 _aKorea-Paintings
_9664062
942 _hNQ4295, P2
_cTEXL
_2CC
999 _c1100469
_d1100469